000
00287nam a22001217a 4500
008
180607b xxu||||| |||| 00| 0 eng d
041
_a
eng
080
_a
043.3
100
_a
0
101
_a
SHKI-BA
245
_a
Siguria ne Sistemet Operative IOS dhe Android
_c
Sefa, A
942
_2
udc
_c
BK
999
_c
46589
_d
46589